Čistírny komunálních odpadních vod
Guardado en:
| Formato: | Libro |
|---|---|
| Lenguaje: | checo |
| Publicado: |
Stará Boleslav :
České a slovenské infor.středisko pro životní prostředí REK, spol.s r.o,
1992
|
| Etiquetas: |
Sin Etiquetas, Sea el primero en etiquetar este registro!
|
MARC
| LEADER | 00000nam a22000003a 4500 | ||
|---|---|---|---|
| 001 | stu20739 | ||
| 005 | 20150408181450.5 | ||
| 008 | 920923s1992----cs------------------cze-d | ||
| 020 | |a 80-901349-3-9 | ||
| 040 | |a STU |b slo | ||
| 041 | 0 | |a cze | |
| 044 | |a cs | ||
| 080 | |a 628.34 |7 stu_us_auth*stu5731 | ||
| 245 | |a Čistírny komunálních odpadních vod | ||
| 260 | |a Stará Boleslav : |b České a slovenské infor.středisko pro životní prostředí REK, spol.s r.o, |c 1992 | ||
| 300 | |a 76 s : |b Tabuľky | ||
| 996 | |b CB1595 |c C*B1595 |l CCXXVI |s P |a 0 |w stu20739_0001 | ||